Feynman's tips on physics : (Record no. 297)

MARC details
000 -LEADER
fixed length control field 01585nam a2200385 i 4500
003 - CONTROL NUMBER IDENTIFIER
control field EG-ScBUE
005 - DATE AND TIME OF LATEST TRANSACTION
control field 20250611092452.0
008 - FIXED-LENGTH DATA ELEMENTS--GENERAL INFORMATION
fixed length control field 150805t2006 caua frb 001 0 eng d
020 ## - INTERNATIONAL STANDARD BOOK NUMBER
International Standard Book Number 0805390634
020 ## - INTERNATIONAL STANDARD BOOK NUMBER
International Standard Book Number 9780805390636
040 ## - CATALOGING SOURCE
Original cataloging agency EG-ScBUE
Language of cataloging eng
Description conventions rda
Transcribing agency EG-ScBUE
Modifying agency EG-ScBUE
082 04 - DEWEY DECIMAL CLASSIFICATION NUMBER
Classification number 530
Item number FEY
Edition number 22
100 1# - MAIN ENTRY--PERSONAL NAME
Personal name Feynman, Richard Phill,
Relator term author.
245 10 - TITLE STATEMENT
Title Feynman's tips on physics :
Remainder of title a problem-solving supplement to the Feynman lectures on physics /
Statement of responsibility, etc Richard P. Feynman, Michael A. Gottlieb, and Ralph Leighton ; with a memoir by Matthew Sands ; exercises and answers by Robert Leighton and Rochus Vogt.
264 #1 - PUBLICATION, DISTRIBUTION, ETC. (IMPRINT)
Place of publication, distribution, etc San Francisco :
Name of publisher, distributor, etc Pearson / Addison-Wesley,
Date of publication, distribution, etc [2006]
264 #4 - PUBLICATION, DISTRIBUTION, ETC. (IMPRINT)
Date of publication, distribution, etc c2006
300 ## - PHYSICAL DESCRIPTION
Extent xiii, 162 pages :
Other physical details illustrations ;
Dimensions 23 cm
336 ## - CONTENT TYPE
Source rdacontent
Content type term text
Content type code txt
337 ## - MEDIA TYPE
Media type term unmediated
Source rdamedia
Media type code n
338 ## - CARRIER TYPE
Carrier type term volume
Carrier type code nc
Source rdacarrier
504 ## - BIBLIOGRAPHY, ETC. NOTE
Bibliography, etc Includes bibliographical references and index.<br/>
650 #7 - SUBJECT ADDED ENTRY--TOPICAL TERM
Topical term or geographic name as entry element Physics.
Source of heading or term BUEsh
650 #7 - SUBJECT ADDED ENTRY--TOPICAL TERM
Topical term or geographic name as entry element Physics
Form subdivision Problems, exercises, etc.
Source of heading or term BUEsh
9 (RLIN) 31057
651 ## - SUBJECT ADDED ENTRY--GEOGRAPHIC NAME
Source of heading or term BUEsh
653 ## - INDEX TERM--UNCONTROLLED
Resource For college Engineering, General
Arrived date list August2015
655 ## - INDEX TERM--GENRE/FORM
Form subdivision Reading book
9 (RLIN) 34232
700 1# - ADDED ENTRY--PERSONAL NAME
Personal name Gottlieb, Michael A.,
Relator term author.
700 1# - ADDED ENTRY--PERSONAL NAME
Personal name Leighton, Ralph,
Relator term author.
700 1# - ADDED ENTRY--PERSONAL NAME
Personal name Sands, Matthew L.,
Relator term author.
700 1# - ADDED ENTRY--PERSONAL NAME
Personal name Leighton, Robert B.,
Relator term author.
700 1# - ADDED ENTRY--PERSONAL NAME
Personal name Vogt, Rochus E.,
Dates associated with a name 1929-
Relator term author.
700 1# - ADDED ENTRY--PERSONAL NAME
Personal name Feynman, Richard Phillips.
Dates associated with a name 1918-1988.
Fuller form of name (Richard Phillips),
Title of a work Feynman lectures on physics.
856 41 - ELECTRONIC LOCATION AND ACCESS
Materials specified Table of contents
Uniform Resource Identifier <a href="http://www.loc.gov/catdir/toc/ecip0512/2005013077.html">http://www.loc.gov/catdir/toc/ecip0512/2005013077.html</a>
942 ## - ADDED ENTRY ELEMENTS (KOHA)
Source of classification or shelving scheme Dewey Decimal Classification
Koha item type Book - Borrowing
Holdings
Withdrawn status Lost status Source of classification or shelving scheme Damaged status Not for loan Home library Current library Shelving location Date acquired Source of acquisition Total Checkouts Total Renewals Full call number Barcode Date last seen Date checked out Cost, replacement price Koha item type Collection code
    Dewey Decimal Classification     Central Library Central Library First floor 22/02/2006 Purchase 4 7 530 FEY 000004369 24/08/2022 16/03/2016 150.00 Book - Borrowing  
    Dewey Decimal Classification     Central Library Central Library First floor 22/02/2006 Purchase     530 FEY 000004365 24/08/2022   150.00 NB - Book (Non borrowing)  
    Dewey Decimal Classification     Central Library Central Library First floor 22/02/2006 Purchase 2 42 530 FEY 000004309 24/08/2022 29/09/2016 195.00 Book - Borrowing  
    Dewey Decimal Classification     Central Library Central Library First floor 11/08/2015 Purchase 3   530 FEY 000004308 12/02/2024 16/03/2016 195.00 Book - Borrowing Baccah